Tratado de Microbiología

Gorde:
Xehetasun bibliografikoak
Egile nagusia: Davis, Bernard D
Beste egile batzuk: Dulbecco, Renato, Eisen, Herman N, Ginsberg, Harold S, Wood, W. Barry
Formatua: Liburua
Hizkuntza:gaztelania
Argitaratua: Barcelona, España Salvat 1971
Gaiak:
Etiketak: Etiketa erantsi
Etiketarik gabe, Izan zaitez lehena erregistro honi etiketa jartzen!

MARC

LEADER 00000nam a2200000 a 4500
001 UCL4722
003 CL-VaPUC
005 20240823105852.0
008 040123e19710000SP |||||||||||||||||spa|d
999 |c 307499  |d 307497 
040 |c Pontificia Universidad Católica de Valparaíso 
082 0 4 |a 616.01 DAV 1971  |2 21 
100 0 |a Davis, Bernard D  |9 482356 
245 1 0 |a Tratado de Microbiología 
260 0 3 |a Barcelona, España  |b Salvat  |c 1971 
300 |a 1478 páginas 
583 |a last modification  |c 20040123 00:00:00  |k Rodrigo Vera 
650 0 |a Microbiología   |9 259706 
650 0 |a Inmunología  |9 329894 
650 0 |a Enfermedades  |9 263059 
700 0 |a Dulbecco, Renato  |9 482357 
700 0 |a Eisen, Herman N  |9 482358 
700 |a Ginsberg, Harold S  |9 482359 
700 0 |a Wood, W. Barry  |9 482360 
942 |c BK  |2 ddc 
945 |d 20040123 00:00:00  |a cmena 
952 |0 0  |1 0  |2 ddc  |4 0  |6 616_010000000000000_DAV_1971  |7 0  |8 A  |9 373481  |a BIBCUR  |b BIBCUR  |d 2019-11-21  |i 2110768  |o 616.01 DAV 1971  |p 2110768  |r 2025-04-22  |t 1  |w 2019-11-21  |y BK  |k BIO